The great philosophers : (Record no. 1182)

MARC details
000 -LEADER
fixed length control field 00657fam a2200229 a 4500
005 - DATE AND TIME OF LATEST TRANSACTION
control field 20260322212050.0
008 - FIXED-LENGTH DATA ELEMENTS--GENERAL INFORMATION
fixed length control field data
010 ## - LIBRARY OF CONGRESS CONTROL NUMBER
LC control number 00058867
020 ## - INTERNATIONAL STANDARD BOOK NUMBER
International Standard Book Number 019289322X (pbk.)
020 ## - INTERNATIONAL STANDARD BOOK NUMBER
International Standard Book Number 9780192893222 (pbk.)
040 ## - CATALOGING SOURCE
Original cataloging agency DLC
Transcribing agency DLC
Modifying agency OrLoB
050 00 - LIBRARY OF CONGRESS CALL NUMBER
Classification number BD21
Item number .G74 2000
092 ## - LOCALLY ASSIGNED DEWEY CALL NUMBER (OCLC)
Classification number 190.21 M34 2000
001 - CONTROL NUMBER
control field data
245 14 - TITLE STATEMENT
Title The great philosophers :
Remainder of title an introduction to Western philosophy /
Statement of responsibility, etc. Bryan Magee.
260 ## - PUBLICATION, DISTRIBUTION, ETC.
Place of publication, distribution, etc. New York :
-- New York :
Name of publisher, distributor, etc. Oxford University Press,
Date of publication, distribution, etc. 2000.
300 ## - PHYSICAL DESCRIPTION
Extent 352 p. :
Other physical details ill. ;
Dimensions 20 cm.
500 ## - GENERAL NOTE
General note Includes index.
590 ## - LOCAL NOTE (RLIN)
Local note Includes index.
650 #0 - SUBJECT ADDED ENTRY--TOPICAL TERM
Topical term or geographic name entry element Philosophy
Form subdivision Introductions.
700 1# - ADDED ENTRY--PERSONAL NAME
Personal name Magee, Bryan.
Holdings
Withdrawn status Lost status Damaged status Not for loan Home library Current library Shelving location Date acquired Total checkouts Full call number Barcode Date last seen Price effective from Koha item type
        Fairfield Fairfield General stacks 22/03/2026   BD21 .G74 2000 BC0011220 22/03/2026 22/03/2026 Books